000 00493nam a22001217a 4500
999 _c21576
_d21576
008 240913b ||||| |||| 00| 0 eng d
100 _aGalapon-Vilar, Joanabelle V.
_eauthor.
_960918
245 _aYou be the judge (learners with special needs) /
_cJoanabelle V. Galapon-Vilar.
260 _aPhilippines;
_bPublishers Association of the Philippines, Inc.,
_cFebruary 2020.
300 _aVolume 168, pages 326-327.
700 _aGalapon-Vilar, Joanabelle V.
_eauthor.
_960918
942 _2ddc
_cPER